Hlas Turian
| Format: | Journal |
|---|---|
| Language: | Slovak |
| PhysicalDescription: | zv. 21-30 cm |
| Published: |
Turany
Osvetová beseda pri MNV Drevina n.p
1979-
Turany Miestne kultúrne stredisko pri MNV Turany Redakčná rada OcÚ Turany obec Turany Turany mesto Turany |
| ISSN: | 1339-2883 |
| Subjects: | |
| Online Access: | http://www.turany.sk/hlas_sk.html |
MARC
| LEADER | 00000cas a2200000 a 4500 | ||
|---|---|---|---|
| 001 | vtls008699742 | ||
| 003 | SK-MaSNL | ||
| 005 | 20260429222536.0 | ||
| 008 | 060511c19799999xo qr|p 0 b0slo | ||
| 022 | |a 1339-2883 | ||
| 040 | |a SNK |b slo |c SNK |e AACR2 | ||
| 041 | |a slo | ||
| 043 | |a e-xo--- | ||
| 044 | |a xo |c SK | ||
| 072 | 7 | |a 352/354 |x Stupne miestnej, oblastnej a ústrednej správy |2 konspekt | |
| 072 | 7 | |a 394 |x Verejný a spoločenský život. Každodenný život |2 konspekt | |
| 080 | |a 353.9 |2 2011 | ||
| 080 | |a 050 |2 2011 | ||
| 080 | |a 394 |2 2011 | ||
| 080 | |a (437.6) |2 2011 | ||
| 080 | |a (051)+(054) |2 2011 | ||
| 210 | 0 | |a Hlas Turian | |
| 222 | 0 | |a Hlas Turian | |
| 245 | 0 | 0 | |a Hlas Turian |
| 260 | |a Turany |b Osvetová beseda pri MNV |b Drevina n.p |c 1979- | ||
| 260 | 2 | |3 8/1980-[1991] |a Turany |b Miestne kultúrne stredisko pri MNV | |
| 260 | 2 | |3 1/1992-2/2013 |a Turany |b Redakčná rada OcÚ | |
| 260 | 2 | |3 3/2013-3/2015 |a Turany |b obec Turany | |
| 260 | 3 | |3 1/2016- |a Turany |b mesto Turany | |
| 300 | |a zv. |c 21-30 cm | ||
| 310 | |a 4x ročne | ||
| 321 | |a Občasník |b 1992-1993 | ||
| 362 | 0 | |a Č. 1 (dec. 1979)- | |
| 500 | |a Zodp. red. sa menia | ||
| 500 | |a R. 1989-1990 rozmer zv. 21 cm | ||
| 500 | |a Podnázov v tiráži: 1/1992-2/1993, miestny občasník | ||
| 500 | |a Evidenčné číslo: EV 3337/09 | ||
| 515 | |a R. 2019 je označený ako roč. 50 | ||
| 650 | 0 | 7 | |a územná samospráva |2 SNKPH |9 802 |
| 650 | 0 | 7 | |a každodenný život |2 SNKPH |9 4946 |
| 651 | 7 | |a Turany (Slovensko) |2 SNKPHgeo |9 73087 | |
| 655 | 7 | |a miestne periodiká |2 SNKPH |9 160938 | |
| 856 | 4 | 1 | |u http://www.turany.sk/hlas_sk.html |
| 910 | |a snk | ||
| 999 | |c 759 |d 759 | ||
| 952 | |t č. 2-5 |a SNK |b SNK |y PREZ |7 0 |p 17A0067262 |o snkČSB 3049/1980 |i snkČSP 1533/81 |0 0 |1 0 |4 0 |d 1997-05-15 |l 0 |r 2005-01-02 00:00:00 |w 2026-02-21 | ||
| 952 | |t č. 1 |a SNK |b SNK |y PREZ |7 0 |p 17A0067261 |o snkČSB 3049/1979 |i snkČSP 1531/81 |0 0 |1 0 |4 0 |d 1997-05-15 |l 0 |r 2005-01-02 00:00:00 |w 2026-02-21 | ||
| 952 | |t č. 1-4 |a SNK |b SNK |y PREZ |7 0 |p 17A1460637 |o snkČSB 3049/38/2017 |i snk2021/13434 |8 0 |f 1 |0 0 |1 0 |4 0 |d 2021-09-22 |l 0 |r 2026-02-21 19:52:42 |w 2026-02-21 | ||
| 952 | |t č. 1-4, neúplné |a SNK |b SNK |y PREZ |7 0 |p 17A1460638 |o snkČSB 3049/39/2018 |i snk2021/13435 |8 0 |z Chýba č. 3-4 |f 1 |0 0 |1 0 |4 0 |d 2021-09-22 |l 0 |r 2026-02-21 19:52:42 |w 2026-02-21 | ||
| 952 | |t č. 1-4 |a SNK |b SNK |y PREZ |7 0 |p 17A1460639 |o snkČSB 3049/50/2019 |i snk2021/13437 |8 0 |f 1 |0 0 |1 0 |4 0 |d 2021-09-22 |l 0 |r 2026-02-21 19:52:42 |w 2026-02-21 | ||
| 952 | |t č. 1-4 |a SNK |b SNK |y PREZ |7 0 |p 17A1460640 |o snkČSB 3049/51/2020 |i snk2021/13438 |8 0 |f 1 |0 0 |1 0 |4 0 |d 2021-09-22 |l 0 |r 2026-02-21 19:52:42 |w 2026-02-21 | ||
| 952 | |a SNK |b SNK |y PREZ |7 0 |p 17A1052938 |o snkČSB 3049/1979 D1 |i snkČSP 1532/81 |0 0 |1 0 |4 0 |d 2013-02-11 |l 0 |r 2026-02-21 20:27:04 |w 2026-02-21 | ||
| 952 | |t č. 6-8 |a SNK |b SNK |y PREZ |7 0 |p 17A0719853 |o snkČSB 3049/2/1981 |i snkČSP 2073/82 |0 0 |1 0 |4 0 |d 2016-10-17 |l 0 |r 2026-02-21 20:27:11 |w 2026-02-21 | ||
| 952 | |t č. apr. |a SNK |b SNK |y PREZ |7 0 |p 17A0719861 |o snkČSB 3049/3/1982 |i snkČSP 1543/83 |0 0 |1 0 |4 0 |d 2016-10-17 |l 0 |r 2026-02-21 20:27:11 |w 2026-02-21 | ||
| 952 | |t č. 2-5 |a SNK |b SNK |y PREZ |7 0 |p 17A1053261 |o snkČSB 3049/1980 D1 |i snkČSP 1534/81 |0 0 |1 0 |4 0 |d 2013-03-05 |l 0 |r 2026-02-21 21:31:01 |w 2026-02-21 | ||
| 952 | |t č. 1-4 |a SNK |b SNK |y PREZ |7 0 |p 17A1205016 |o snkČSB 3049/37/2016 |i snk2017/2175 |8 0 |0 0 |1 0 |4 0 |d 2017-01-31 |l 0 |r 2026-02-21 21:55:18 |w 2026-02-21 | ||
| 952 | |t č. 1-5 |a SNK |b SNK |y PREZ |7 0 |p 17A0719866 |o snkČSB 3049/4/1983 |i snkČSP 3413/86 |0 0 |1 0 |4 0 |d 2016-10-17 |l 0 |r 2026-02-21 22:10:15 |w 2026-02-21 | ||
| 952 | |t č. mar., aug. |a SNK |b SNK |y PREZ |7 0 |p 17A0719865 |o snkČSB 3049/1984 |i snkČSP 3279/86 |0 0 |1 0 |4 0 |d 2016-10-17 |l 0 |r 2026-02-21 22:10:15 |w 2026-02-21 | ||
| 952 | |a SNK |b SNK |y PREZ |7 0 |p 17A0719867 |o snkČSB 3049/1985 |i snkČSP 3414/86 |0 0 |1 0 |4 0 |d 2016-10-17 |l 0 |r 2026-02-21 22:10:15 |w 2026-02-21 | ||
| 952 | |t č. 1-2 |a SNK |b SNK |y PREZ |7 0 |p 17A1203455 |o snkČSB 3049/1986 |i snk2016/24239 |8 0 |0 0 |1 0 |4 0 |d 2016-10-17 |l 0 |r 2026-02-21 22:10:15 |w 2026-02-21 | ||
| 952 | |t č. 1-4 |a SNK |b SNK |y PREZ |7 0 |p 17A1203456 |o snkČSB 3049/1987 |i snk2016/24242 |8 0 |0 0 |1 0 |4 0 |d 2016-10-17 |l 0 |r 2026-02-21 22:10:15 |w 2026-02-21 | ||
| 952 | |t č. 1-4 |a SNK |b SNK |y PREZ |7 0 |p 17A1203458 |o snkČSB 3049/1988 |i snk2016/24244 |8 0 |0 0 |1 0 |4 0 |d 2016-10-17 |l 0 |r 2026-02-21 22:10:15 |w 2026-02-21 | ||
| 952 | |t č. 1-4, neúplné |a SNK |b SNK |y PREZ |7 0 |p 17A1203459 |o snkČSB 3049/14/1989 |i snk2016/24247 |8 0 |z Chýba č. 1 |0 0 |1 0 |4 0 |d 2016-10-17 |l 0 |r 2026-02-21 22:10:15 |w 2026-02-21 | ||
| 952 | |t č. 1 |a SNK |b SNK |y PREZ |7 0 |p 17A1203460 |o snkČSB 3049/15/1990 |i snk2016/24249 |8 0 |0 0 |1 0 |4 0 |d 2016-10-17 |l 0 |r 2026-02-21 22:10:15 |w 2026-02-21 | ||
| 952 | |t č. 1 |a SNK |b SNK |y PREZ |7 0 |p 17A1203461 |o snkČSB 3049/1992 |i snk2016/24254 |8 0 |0 0 |1 0 |4 0 |d 2016-10-17 |l 0 |r 2026-02-21 22:10:15 |w 2026-02-21 | ||
| 952 | |t č. 1[2] |a SNK |b SNK |y PREZ |7 0 |p 17A1203462 |o snkČSB 3049/1993 |i snk2016/24255 |8 0 |0 0 |1 0 |4 0 |d 2016-10-17 |l 0 |r 2026-02-21 22:10:15 |w 2026-02-21 | ||
| 952 | |t č. 1-4 |a SNK |b SNK |y PREZ |7 0 |p 17A1203463 |o snkČSB 3049/1995 |i snk2016/24274 |8 0 |0 0 |1 0 |4 0 |d 2016-10-17 |l 0 |r 2026-02-21 22:10:15 |w 2026-02-21 | ||
| 952 | |t č. 1-4 |a SNK |b SNK |y PREZ |7 0 |p 17A1203464 |o snkČSB 3049/1996 |i snk2016/24279 |8 0 |0 0 |1 0 |4 0 |d 2016-10-17 |l 0 |r 2026-02-21 22:10:15 |w 2026-02-21 | ||
| 952 | |t č. 1-4 |a SNK |b SNK |y PREZ |7 0 |p 17A1203465 |o snkČSB 3049/1997 |i snk2016/24280 |8 0 |0 0 |1 0 |4 0 |d 2016-10-17 |l 0 |r 2026-02-21 22:10:15 |w 2026-02-21 | ||
| 952 | |t č. 1-4 |a SNK |b SNK |y PREZ |7 0 |p 17A1203466 |o snkČSB 3049/1998 |i snk2016/24292 |8 0 |0 0 |1 0 |4 0 |d 2016-10-17 |l 0 |r 2026-02-21 22:10:16 |w 2026-02-21 | ||
| 952 | |t č. 1-4 |a SNK |b SNK |y PREZ |7 0 |p 17A1203467 |o snkČSB 3049/1999 |i snk2016/24309 |8 0 |0 0 |1 0 |4 0 |d 2016-10-17 |l 0 |r 2026-02-21 22:10:19 |w 2026-02-21 | ||
| 952 | |t č. 1-4 |a SNK |b SNK |y PREZ |7 0 |p 17A1203468 |o snkČSB 3049/2000 |i snk2016/24319 |8 0 |0 0 |1 0 |4 0 |d 2016-10-17 |l 0 |r 2026-02-21 22:10:19 |w 2026-02-21 | ||
| 952 | |t č. 1-4 |a SNK |b SNK |y PREZ |7 0 |p 17A1203469 |o snkČSB 3049/2001 |i snk2016/24328 |8 0 |0 0 |1 0 |4 0 |d 2016-10-17 |l 0 |r 2026-02-21 22:10:19 |w 2026-02-21 | ||
| 952 | |t č. 1-4, neúplné |a SNK |b SNK |y PREZ |7 0 |p 17A1203470 |o snkČSB 3049/2002 |i snk2016/24333 |8 0 |z Chýba č. 3 |0 0 |1 0 |4 0 |d 2016-10-17 |l 0 |r 2026-02-21 22:10:19 |w 2026-02-21 | ||
| 952 | |t č. 1-4 |a SNK |b SNK |y PREZ |7 0 |p 17A1203471 |o snkČSB 3049/24/2003 |i snk2016/24338 |8 0 |0 0 |1 0 |4 0 |d 2016-10-17 |l 0 |r 2026-02-21 22:10:19 |w 2026-02-21 | ||
| 952 | |t č. 1-4, neúplné |a SNK |b SNK |y PREZ |7 0 |p 17A1203472 |o snkČSB 3049/25/2004 |i snk2016/24344 |8 0 |z Chýba č. 3, 4 |0 0 |1 0 |4 0 |d 2016-10-17 |l 0 |r 2026-02-21 22:10:19 |w 2026-02-21 | ||
| 952 | |t č. 1-4 |a SNK |b SNK |y PREZ |7 0 |p 17A1203473 |o snkČSB 3049/26/2005 |i snk2016/24355 |8 0 |0 0 |1 0 |4 0 |d 2016-10-17 |l 0 |r 2026-02-21 22:10:19 |w 2026-02-21 | ||
| 952 | |t č. 1-4 |a SNK |b SNK |y PREZ |7 0 |p 17A1203474 |o snkČSB 3049/27/2006 |i snk2016/24368 |8 0 |0 0 |1 0 |4 0 |d 2016-10-17 |l 0 |r 2026-02-21 22:10:19 |w 2026-02-21 | ||
| 952 | |t č. 1-4, neúplné |a SNK |b SNK |y PREZ |7 0 |p 17A1203475 |o snkČSB 3049/28/2007 |i snk2016/24370 |8 0 |z Chýba č. 1 |0 0 |1 0 |4 0 |d 2016-10-17 |l 0 |r 2026-02-21 22:10:19 |w 2026-02-21 | ||
| 952 | |t č. 1-4 |a SNK |b SNK |y PREZ |7 0 |p 17A1203476 |o snkČSB 3049/29/2008 |i snk2016/24371 |8 0 |0 0 |1 0 |4 0 |d 2016-10-17 |l 0 |r 2026-02-21 22:10:19 |w 2026-02-21 | ||
| 952 | |t č. 1-4 |a SNK |b SNK |y PREZ |7 0 |p 17A1203477 |o snkČSB 3049/30/2009 |i snk2016/24373 |8 0 |0 0 |1 0 |4 0 |d 2016-10-17 |l 0 |r 2026-02-21 22:10:19 |w 2026-02-21 | ||
| 952 | |t č. 1-4 |a SNK |b SNK |y PREZ |7 0 |p 17A1203478 |o snkČSB 3049/31/2010 |i snk2016/24381 |8 0 |0 0 |1 0 |4 0 |d 2016-10-18 |l 0 |r 2026-02-21 22:10:31 |w 2026-02-21 | ||
| 952 | |t č. 1-4 |a SNK |b SNK |y PREZ |7 0 |p 17A1203479 |o snkČSB 3049/32/2011 |i snk2016/24382 |8 0 |0 0 |1 0 |4 0 |d 2016-10-18 |l 0 |r 2026-02-21 22:10:31 |w 2026-02-21 | ||
| 952 | |t č. 1-4 |a SNK |b SNK |y PREZ |7 0 |p 17A1203480 |o snkČSB 3049/33/2012 |i snk2016/24383 |8 0 |0 0 |1 0 |4 0 |d 2016-10-18 |l 0 |r 2026-02-21 22:10:31 |w 2026-02-21 | ||
| 952 | |t č. 1-4 |a SNK |b SNK |y PREZ |7 0 |p 17A1203481 |o snkČSB 3049/34/2013 |i snk2016/24384 |8 0 |0 0 |1 0 |4 0 |d 2016-10-18 |l 0 |r 2026-02-21 22:10:31 |w 2026-02-21 | ||
| 952 | |t č. 1-4 |a SNK |b SNK |y PREZ |7 0 |p 17A1203482 |o snkČSB 3049/35/2014 |i snk2016/24386 |8 0 |0 0 |1 0 |4 0 |d 2016-10-18 |l 0 |r 2026-02-21 22:10:33 |w 2026-02-21 | ||
| 952 | |t č. 1-3 |a SNK |b SNK |y PREZ |7 0 |p 17A1203483 |o snkČSB 3049/36/2015 |i snk2016/24387 |8 0 |0 0 |1 0 |4 0 |d 2016-10-18 |l 0 |r 2026-02-21 22:10:33 |w 2026-02-21 | ||


